000 00802nam a2200241 i 4500
001 C2-0113424
003 PPAK
005 20180727104237.0
008 970707s my a|||| ||||| | may d
040 _aPPAK
_beng
_cPPAK
_erda
082 0 4 _a959.5112
_223
090 0 0 _a959.5112
_bMUK
_dKK
110 2 _aPersatuan Sejarah Sekolah Menengah Tunku Putra
245 0 0 _aMukim Padang Matsirat dan sejarahnya di zaman silam
264 1 _aLangkawi, Kedah :
_bSekolah Menengah Tunku Putra ,
_c[date of publication not identified]
300 _a24 pages :
_billustrations ;
_c33 cm
336 _2rdacontent
_atext
337 _2rdamedia
_aunmediated
338 _2rdacarrier
_avolume
650 1 0 _aKedah - History.
710 2 _aPersatuan Sejarah Sekolah Menengah Tunku Putra
_eorganizer
942 _ddc
_cB
999 _c28713
_d28713